000 00207nam a2200085Ia 4500
008 120527s9999 xx 000 0 und d
100 _aKrom,kowski, A.
245 _aRace and Ethics realtions 03/04
942 _cBK
999 _c27656
_d27656